|
|
|
|
| LEADER |
00780nam a2200193Ia 4500 |
| 001 |
CTU_18872 |
| 008 |
210402s9999 xx 000 0 und d |
| 082 |
|
|
|a 306
|
| 082 |
|
|
|b Th523/1997
|
| 100 |
|
|
|a Trần Trọng Diễm Thúy
|
| 245 |
|
0 |
|a Bước đầu tìm hiểu đời sống kinh tế - văn hóa của người Chăm ( An Giang )
|
| 245 |
|
0 |
|b Luận văn tốt nghiệp Đại học Sư phạm ngành Sử Khóa 19
|
| 245 |
|
0 |
|c Trần Trọng Diễm Thúy
|
| 260 |
|
|
|a Cần Thơ
|
| 260 |
|
|
|b Trường Đại Học Cần Thơ, khoa Sư phạm
|
| 260 |
|
|
|c 1997
|
| 650 |
|
|
|a vietnam - an giang - anthography
|
| 904 |
|
|
|i Huỳnh Thị Trang, 970930
|
| 980 |
|
|
|a Trung tâm Học liệu Trường Đại học Cần Thơ
|